Optimizing scientific return for astronomy through information technologies (Record no. 16137)

MARC details
000 -LEADER
fixed length control field 01070nam a2200241Ia 4500
003 - CONTROL NUMBER IDENTIFIER
control field IN-BaIIA
008 - FIXED-LENGTH DATA ELEMENTS--GENERAL INFORMATION
fixed length control field 211028s9999 xx 000 0 eng d
020 ## - INTERNATIONAL STANDARD BOOK NUMBER
International Standard Book Number 0-8194-5425-7
040 ## - CATALOGING SOURCE
Transcribing agency IIA Library
080 ## - UNIVERSAL DECIMAL CLASSIFICATION NUMBER
Universal Decimal Classification number 535(082.1)
Item number SPI-5493
111 ## - MAIN ENTRY--MEETING NAME
Meeting name or jurisdiction name as entry element Society of Photo-optical Instrumentation Engineers Conference
Location of meeting United Kingdom
Date of meeting or treaty signing 2004 June 24-25
9 (RLIN) 29857
245 #0 - TITLE STATEMENT
Title Optimizing scientific return for astronomy through information technologies
Remainder of title proceedings of SPIE conference held in Scotland, Glasgow, United Kingdom, 24-25 June 2004
Statement of responsibility, etc. edited by Peter J. Quinn and Alan Bridger
260 ## - PUBLICATION, DISTRIBUTION, ETC.
Place of publication, distribution, etc. Washington
Name of publisher, distributor, etc. The International Society for Optical Engineering
Date of publication, distribution, etc. 2004
300 ## - PHYSICAL DESCRIPTION
Extent xi, 596p.
490 ## - SERIES STATEMENT
Series statement SPIE proceedings series; v. 5493
650 ## - SUBJECT ADDED ENTRY--TOPICAL TERM
Topical term or geographic name entry element Astronomy
9 (RLIN) 80
650 ## - SUBJECT ADDED ENTRY--TOPICAL TERM
Topical term or geographic name entry element Data processing systems
9 (RLIN) 29858
650 ## - SUBJECT ADDED ENTRY--TOPICAL TERM
Topical term or geographic name entry element Information technology
9 (RLIN) 16636
700 ## - ADDED ENTRY--PERSONAL NAME
Personal name Bridger, Alan., ed.
9 (RLIN) 29859
700 ## - ADDED ENTRY--PERSONAL NAME
Personal name Quinn, Peter J., ed.
9 (RLIN) 22967
710 ## - ADDED ENTRY--CORPORATE NAME
Corporate name or jurisdiction name as entry element Society of Photo-optical Instrumentation Engineers
942 ## - ADDED ENTRY ELEMENTS (KOHA)
Koha item type Books
Holdings
Withdrawn status Lost status Damaged status Not for loan Home library Current library Shelving location Date acquired Source of acquisition Cost, normal purchase price Total Checkouts Full call number Barcode Date last seen Cost, replacement price Price effective from Koha item type Purchase Price
        IIA Library-Bangalore IIA Library-Bangalore General Stacks 15/03/2006 EDS 6286.00   535(082.1)/ SPI-5493 17059 05/11/2021 6286.00 15/03/2006 Books Rs. 6286.00

Powered by Koha